000 00606nam a22002297a 4500
001 96536
003 UA-OsUOA
005 20210614093729.0
007 ta
008 20130319b un ||||| |||| 00| 0 ukr d
040 _aUA-OsUOA
_brus
_cUA-OsUOA
_dUA-OsUOA
041 _arus
080 _a821.161.1
090 _a821.161.1
_bЛ49
100 _aЛермонтов М.
245 _aИзбранные произведения
260 _aК.
_bДніпро
_c1984
300 _a383 с.
650 7 _a82 Література. Літературознавство
_2UDC
942 _cBK
_2udc
955 _a3
999 _c382792
_d382792